| 000 | 00846nam a2200253Ia 4500 | ||
|---|---|---|---|
| 003 | OSt | ||
| 005 | 20220925202930.0 | ||
| 006 | a|||||r|||| 00| 0 | ||
| 007 | ta | ||
| 008 | 220923b |||||||| |||| 00| 0 eng d | ||
| 037 | _cGeneral Book | ||
| 040 |
_aRTL _cRTL _beng |
||
| 041 |
_2eng _aeng |
||
| 082 | _aX9(J382):76.2.N8, M4/Th | ||
| 100 | _aGulati Ashok | ||
| 245 | 0 |
_aSome aspects of agricultural price policy _b A case |
|
| 260 |
_aDelhi _bUniversity of Delhi _c1984 |
||
| 300 |
_aviii, 253p Bibliography: P 240-53 _ccm. |
||
| 490 | _aUniversity of Delhi, Economics (Deptt. of-), Thesis. Thesis, University of Delhi, Economics (Deptt. of- | ||
| 650 |
_a Wheat _9236500 |
||
| 650 | _aAgricultural Economics | ||
| 942 |
_hX9(J382):76.2.N8, M4/Th _cGB _2CC |
||
| 999 |
_c544673 _d544673 |
||